| 000 | 00475nam a2200181Ia 4500 | ||
|---|---|---|---|
| 008 | 240925s9999 xx 000 0 und d | ||
| 020 | _aNA | ||
| 082 | _a796.44 SWA | ||
| 100 | _aSwanton ,E. W. | ||
| 245 | 0 | _aBest Cricket Stories | |
| 250 | _aNA | ||
| 260 |
_aLondon: _bThe Sportsmans Book Club _c,1963. |
||
| 300 |
_aVarious pages _bN.A _fOriginal |
||
| 500 | _aIncludes Index | ||
| 600 | _aHumanities & Natural Science | ||
| 650 | _aArts and Recreation | ||
| 942 | _cBK | ||
| 999 |
_c12113 _d12113 |
||